Statistics for Countries Frank-Walter Steinmeier has visited

Click here to take the quiz!

General Stats

  • This quiz has been taken 14 times
    (6 since last reset)
  • The average score is 38 of 46

Answer Stats

Continent Country % Correct
AsiaJordan
100%
Europethe Netherlands
100%
EuropeLithuania
100%
EuropePoland
100%
EuropeLatvia
100%
Asia/ EuropeRussia
100%
OceaniaAustralia
100%
AsiaJapan
100%
EuropeItaly
100%
AsiaIsrael
100%
EuropeGreece
100%
EuropeFrance
100%
EuropeFinland
100%
EuropeSwitzerland
100%
EuropeCzech Republic
100%
EuropeCroatia
100%
South AmericaColombia
100%
EuropeBulgaria
100%
North AmericaUnited States of America
100%
EuropeBelgium
100%
EuropeBelarus
100%
EuropeAustria
100%
OceaniaNew Zealand
100%
EuropeSpain
83%
EuropeUkraine
83%
AfricaSouth Africa
83%
EuropeSlovenia
83%
EuropeSlovakia
83%
EuropeUnited Kingdom
83%
AsiaAfghanistan
83%
EuropeEstonia
83%
AsiaIndia
83%
South AmericaEcuador
83%
AsiaChina
83%
EuropePortugal
67%
AsiaSouth Korea
67%
EuropeMalta
50%
AsiaLebanon
50%
AsiaKazakhstan
50%
AfricaGhana
50%
AfricaGambia
50%
AfricaEthiopia
50%
EuropeVatican City
50%
AsiaSingapore
33%
AfricaBotswana
33%
AsiaUzbekistan
33%

Score Distribution

Percentile by Number Answered

Percent of People with Each Score

Your Score History

You have not taken this quiz since the last reset